Score 0/30 Timer 03:00
3 Plays Today
'Man' Movies Missing Word % Correct
I ___ You, ManLove
94.4%
Last Man ___Standing
90.1%
The Man in the ___ MaskIron
86.9%
Dead Man ___Walking
86.8%
___-ManSpider
83.1%
Man on the ___Moon
80.9%
The Man Who ___ Too MuchKnew
72.7%
The Man with the ___ GunGolden
67.2%
___ ManRain
66.5%
The Man Who Fell to ___Earth
61%
The Man Who ___ Liberty ValanceShot
51.9%
___ ManYes
46.9%
The Man with Two ___Brains
32.9%
The ___ ManInvisible
32.9%
The ___ ManRunning
28.7%
'Man' Movies Missing Word % Correct
The Man from ___ RiverSnowy
26%
___ ManCinderella
25.9%
The ___ ManElephant
21.3%
___ ManHollow
20%
The ___ ManQuiet
18.8%
___ ManRepo
18.5%
The ___ ManThin
18.4%
___ ManDemolition
17.2%
A ___ ManSingle
15.1%
___ ManMarathon
14.2%
The ___ ManWolf
13.5%
The ___ ManThird
13.4%
The ___ ManMusic
11.5%
The ___ ManWicker
8.1%
The ___ ManStunt
2.1%

Today's Daily Dose

Missing Word
Lizzo Songs

Get the Picture
The Longest Rivers

Remove Ads.
Support Sporcle.
Get the best of Sporcle when you Go Orange. This ad-free experience offers more features, more stats, and more fun while also helping to support Sporcle. Thank you for becoming a member.

You're not logged in!

Compare scores with friends on all Sporcle quizzes.
OR
Log In

Show Comments

Extras

Top Quizzes Today


Score Distribution

Your Account Isn't Verified!

In order to create a playlist on Sporcle, you need to verify the email address you used during registration. Go to your Sporcle Settings to finish the process.

Report this User

Report this user for behavior that violates our Community Guidelines.

Details: